| Tag |
First Indicator |
Second Indicator |
Subfields |
| LEADER |
00000cam a22000008i 4500 |
| 001 |
in00000614821 |
| 005 |
20161128164514.0 |
| 008 |
771122s1978 nyu 00001 eng |
| 010 |
|
|
|a 77025469
|
| 020 |
|
|
|a 0394724933
|
| 035 |
|
|
|a (OCoLC)03481059
|
| 035 |
|
|
|9 ACT2731AM
|
| 040 |
|
|
|a DLC
|c DLC
|d OCL
|d TXA
|d UtOrBLW
|
| 041 |
1 |
|
|a eng
|a und
|
| 049 |
|
|
|a TXAM
|c [1539668]
|
| 090 |
|
|
|a PN6014
|b .F674
|
| 082 |
0 |
|
|a 808.83/1
|
| 245 |
0 |
0 |
|a Foreign fictions :
|b 25 contemporary stories from Canada, Europe, Latin America /
|c edited by John Biguenet.
|
| 250 |
|
|
|a 1st ed.
|
| 264 |
|
1 |
|a New York :
|b Vintage Books,
|c [1978]
|
| 264 |
|
4 |
|c ©1978
|
| 300 |
|
|
|a xvii, 339 pages ;
|c 21 cm.
|
| 336 |
|
|
|a text
|b txt
|2 rdacontent
|
| 337 |
|
|
|a unmediated
|b n
|2 rdamedia
|
| 338 |
|
|
|a volume
|b nc
|2 rdacarrier
|
| 500 |
|
|
|a "A Vintage Original."
|
| 650 |
|
0 |
|a Short stories.
|
| 700 |
1 |
|
|a Biguenet, John.
|
| 999 |
|
|
|a MARS
|
| 999 |
f |
f |
|s 14390a5a-5084-362b-a2fa-c1a7911d6ab1
|i 43d65ab6-0447-3c92-a9f4-94941e225997
|t 0
|
| 952 |
f |
f |
|p ric
|a Texas A&M University
|b Rellis Campus
|c Joint Library Facility
|d Remote Storage
|t 0
|e PN6014 .F674
|h Library of Congress classification
|i unmediated -- volume
|m A14804187924
|
| 998 |
f |
f |
|a PN6014 .F674
|t 0
|l Remote Storage
|